| 000 | 00910nam a22002417a 4500 | ||
|---|---|---|---|
| 008 | 130821s2005 sp a gr spa | ||
| 020 | _a849732370X | ||
| 040 |
_aCo-BoUCM _bspa |
||
| 041 | 0 | 0 | _aspa |
| 100 | 1 |
_aFernández Gago, Roberto _9167488 |
|
| 245 | 1 | 0 |
_aAdministración de la responsabilidad social corporativa _cRoberto Fernández Gago |
| 260 |
_aMadrid (España) _bThomson _cc2005 |
||
| 300 |
_axiv, 225 páginas _bilustraciones, cuadros |
||
| 490 | 0 | _aColección negocios | |
| 500 | _aDonación Dr. Guillermo Galán. | ||
| 504 | _aIncluye bibliografía e índice general. | ||
| 650 | 0 | 4 |
_aAdministración de empresas _9435 |
| 650 | 0 | 4 |
_aAdministración de empresas _vAspectos sociales _9435 |
| 650 | 0 | 4 |
_aAdministración de personal _98562 |
| 650 | 0 | 4 |
_aResponsabilidad social de los negocios _923694 |
| 942 |
_cLIBRO _a16 _e1 _mF365a _2DEWEY _h658.408 |
||
| 999 |
_c69770 _d69770 |
||